Inovácie ako faktor ekonomického výkonu v cestovnom ruchu diplomová práca

Guardado en:
Detalles Bibliográficos
Autor principal: Lehoczká, Desana
Autor Corporativo: Obchodná fakulta EU. Katedra služieb a cestovného ruchu - zrušené
Otros Autores: Kubičková, Viera, 1970-
Formato: Libro
Lenguaje:eslovaco
Publicado: Bratislava 2018
Etiquetas: Agregar Etiqueta
Sin Etiquetas, Sea el primero en etiquetar este registro!

MARC

LEADER 00000nbm a2200000 4500
001 0243437
005 20180904143148.5
041 0 |a slo 
044 |a SK 
245 1 0 |a Inovácie ako faktor ekonomického výkonu v cestovnom ruchu  |b diplomová práca  |c Desana Lehoczká ; školiteľ: Viera Kubičková 
264 1 |a Bratislava  |c 2018 
300 |a 57 s. 
100 1 |a Lehoczká, Desana 
700 1 |a Kubičková, Viera, 1970- 
710 2 |a Obchodná fakulta EU. Katedra služieb a cestovného ruchu - zrušené